Score 0/58 Timer 08:00
0 Plays Today
% Correct
San Diego
100%
Los Angeles
98.8%
San Francisco
92.6%
Orange
92.6%
Riverside
91.4%
San Bernardino
90.1%
Fresno
88.9%
Alameda
87.7%
Sacramento
87.7%
Napa
85.2%
Santa Barbara
85.2%
Ventura
84%
Imperial
84%
Santa Cruz
82.7%
Marin
81.5%
Kern
80.2%
San Luis Obispo
80.2%
Contra Costa
79%
San Mateo
79%
Santa Clara
79%
Monterey
76.5%
Sonoma
74.1%
Yolo
74.1%
Inyo
74.1%
Humboldt
72.8%
Nevada
72.8%
Shasta
67.9%
San Joaquin
65.4%
Stanislaus
65.4%
% Correct
Tulare
65.4%
Merced
65.4%
Kings
64.2%
Sierra
64.2%
Mendocino
63%
Lake
63%
Del Norte
63%
Mono
63%
Modoc
61.7%
Placer
61.7%
Lassen
60.5%
Alpine
59.3%
Siskiyou
59.3%
San Benito
58%
Solano
58%
Tuolumne
56.8%
Yuba
56.8%
Butte
53.1%
Madera
53.1%
Sutter
51.9%
Amador
51.9%
Trinity
50.6%
El Dorado
50.6%
Glenn
50.6%
Plumas
49.4%
Mariposa
48.1%
Tehama
48.1%
Calaveras
45.7%
Colusa
45.7%
Remove Ads.
Support Sporcle.
Get the best of Sporcle when you Go Orange. This ad-free experience offers more features, more stats, and more fun while also helping to support Sporcle. Thank you for becoming a member.

You're not logged in!

Compare scores with friends on all Sporcle quizzes.
OR
Log In

Sporcle TV

Today on Sporcle TV


Watch our educational content, quiz creation guides, and fun videos on Sporcle TV.

Show Comments

Extras

Top Quizzes Today


Score Distribution

Paid Content

Your Account Isn't Verified!

In order to create a playlist on Sporcle, you need to verify the email address you used during registration. Go to your Sporcle Settings to finish the process.

Report this User

Report this user for behavior that violates our Community Guidelines.

Details: